00789nam a22002177a 450000500170000001000150001702000260003203500130005803700130007108200100008410000180009424501150011226000450022727000730027230000290034550000190037465000120039394200240040599900170042995201250044620130827113441.0 aENG-108060 c450.00a9788184620603 aEN-91593 bDBAD/PUB a641.5 aGandhi, Jeeti00aServed with love : cby Jeeti Ghandhibwholesome recipes and hearty stories of bringing up a healthy family /  aMumbaibVakils, Feffer and Simons c2013 aIndustry Manor, Appasaheb Marathe Marg, Prabhadevi, bMumbaie400025 a172p. :c24cm(pbk)bill. aIncludes index aCooking 2ddccENmGANh641.5 c78009d78009 001040718NFICaDBADbDBADd2013-07-24eDBAD / PUBg450.00l0o641.5 GANpEN-91593r2013-07-24 00:00:00t1v450.00yEN